Multinational corporations and governments: business-government relations in an international context
محفوظ في:
| المؤلف الرئيسي: | |
|---|---|
| مؤلفون آخرون: | |
| التنسيق: | كتاب |
| اللغة: | الإنجليزية |
| منشور في: |
New York, USA
Praeger Publishers
1975
|
| سلاسل: | Praeger Special Studies in International Bussines, Finance, and Trade
|
| الموضوعات: | |
| الوسوم: |
إضافة وسم
لا توجد وسوم, كن أول من يضع وسما على هذه التسجيلة!
|
MARC
| LEADER | 00000nam a2200000 a 4500 | ||
|---|---|---|---|
| 001 | UCR9477 | ||
| 003 | CL-VaPUC | ||
| 005 | 20240522124506.0 | ||
| 008 | 980613e19750000us 1 eng d | ||
| 999 | |c 383203 |d 383201 | ||
| 040 | |c Pontificia Universidad Católica de Valparaíso | ||
| 082 | 0 | 4 | |a 338.88 BOA 1975 |2 21 |
| 100 | 1 | |a Boarman, Patrick M |9 619007 | |
| 245 | 1 | 0 | |a Multinational corporations and governments: business-government relations in an international context |
| 260 | 0 | 3 | |a New York, USA |b Praeger Publishers |c 1975 |
| 300 | |a 234 páginas | ||
| 490 | 0 | |a Praeger Special Studies in International Bussines, Finance, and Trade | |
| 518 | |p Multinational Corporations and Goverments, otoño de 1973 | ||
| 546 | |a En Inglés | ||
| 583 | |a last modification |c 20160913 10:22:32 |k Rodrigo Vera | ||
| 650 | 0 | 0 | |a Multinacionales |9 256382 |
| 650 | 0 | 0 | |a Administración pública |9 255343 |
| 650 | 0 | 7 | |a RELACIONES COMERCIALES |2 CL-VaPUC |9 322074 |
| 650 | 0 | 7 | |a COMERCIO INTERNACIONAL |2 CL-VaPUC |9 619009 |
| 650 | 0 | 0 | |a Soberanía |9 266726 |
| 650 | 0 | 7 | |a SISTEMA MONETARIO INTERNACIONAL |2 CL-VaPUC |9 322730 |
| 650 | 0 | 7 | |a CONTROL FINANCIERO |2 CL-VaPUC |9 336644 |
| 650 | 0 | 0 | |a Inversiones extranjeras |9 255451 |
| 650 | 0 | 0 | |a Monopolios |9 255549 |
| 650 | 0 | 0 | |a Países en desarrollo |9 259663 |
| 650 | 0 | 0 | |a Política gubernamental |9 262286 |
| 650 | 0 | 0 | |a Política internacional |9 255813 |
| 650 | 0 | 0 | |a Congresos |9 257560 |
| 700 | 1 | |a Schollhammer, Hans |9 619008 | |
| 942 | |c BK |2 ddc | ||
| 945 | |a crobeson |d 19980613 00:00:00 | ||